[Event "Vevcani Lasker U20 op"]
[Site "Vevcani"]
[Date "2017.10.23"]
[Round "7"]
[White "Popzafirov, Danail"]
[Black "Velkoski, Ivan"]
[Result "1-0"]
[WhiteElo "1145"]
[BlackElo "1370"]
[PlyCount "131"]
[EventDate "2017.10.20"]
[EventType "swiss"]
[EventRounds "7"]
[EventCountry "MKD"]
[SourceTitle "CBM 181 Extra"]
[Source "ChessBase"]
[SourceDate "2017.12.12"]
[SourceVersion "1"]
[SourceVersionDate "2017.12.12"]
[SourceQuality "1"]

1. e4 e5 2. Nf3 Nc6 3. Bc4 Nf6 4. d3 d5 5. exd5 Nxd5 6. Bxd5 Qxd5 7. Nc3 Bb4 8. Bd2 Bxc3 9. Bxc3 0-0 10. 0-0 Bg4 11. Re1 Rfe8 12. h3 Bxf3 13. Qxf3 Qxf3 14. gxf3 Nd4 15. Bxd4 exd4 16. Kg2 Re6 17. Rxe6 fxe6 18. Re1 Kf7 19. Kg3 Rd8 20. Kf4 Rd5 21. Re5 Rd6 22. Rc5 c6 23. h4 Kf6 24. Ra5 a6 25. b4 h6 26. a3 g6 27. a4 Kf7 28. Ke5 Rd7 29. f4 Ke7 30. Ke4 Kf6 31. f3 Rd6 32. Re5 b6 33. h5 gxh5 34. Rxh5 Kg6 35. Rh2 h5 36. Ke5 Rd5+ 37. Kxe6 Rd8 38. f5+ Kg5 39. f6 Re8+ 40. Kf7 Re3 41. Kg7 Rxf3 42. f7 h4 43. f8Q Rxf8 44. Kxf8 Kg4 45. Ke7 Kg3 46. Rh1 h3 47. Kd6 b5 48. axb5 cxb5 49. Kc5 Kg2 50. Rxh3 Kxh3 51. Kxd4 Kg4 52. Ke5 Kf3 53. d4 Ke3 54. d5 Kd2 55. d6 Kxc2 56. d7 Kc3 57. d8Q Kxb4 58. Kd4 a5 59. Qb6 a4 60. Qc5+ Ka5 61. Kc3 Ka6 62. Kb4 a3 63. Qxb5+ Ka7 64. Kc5 a2 65. Kc6 a1Q 66. Qb7# 1-0